Obálka Náhled e-knihy:
PDF Epub
Pro půjčování e-knih musíte být přihlášeni.
Jak si půjčit online?

Zákon smečky. Temnota padá /

Další pokračování zvířecí fantasy ságy o statečné psí smečce, která přežila zemětřesení.

Uloženo v:
Série:Zákon smečky, část 3
Hlavní autor: Hunter, Erin (Autor)
Další autoři: Kopicová, Miroslava (Autor)
Médium: E-kniha
Jazyk:Czech
Vydáno: V Praze : Albatros, 2023
Vydání:2. vydání
Témata:
Příbuzné jednotky:Přeloženo z: Survivors
Z cyklu:: Zákon smečky
Tagy:
Žádné tagy
LEADER 02614nam a2200541 i 4500
001 312160
003 CZ PrSKC
005 20260601215718.0
007 ta
008 231110s2023 xr c 000 f cze
015 |a cnb003566430 
020 |a 9788000072265  |q (brožováno) :  |c Kč 249,00 
035 |a (OCoLC)1420606762 
040 |a ABG001  |b cze  |e rda 
041 1 |a cze  |h eng 
072 7 |a 821.111-3  |x Anglická próza, anglicky psaná  |2 Konspekt 
072 7 |a 821-93  |x Literatura pro děti a mládež (beletrie)  |2 Konspekt 
080 |a 821.111-31  |2 MRF 
080 |a 821-93  |2 MRF 
080 |a (0:82-311.3)  |2 MRF 
100 1 |a Hunter, Erin  |7 mzk2006363422  |4 aut 
240 1 0 |a Darkness falls.  |l Česky 
245 1 0 |a Zákon smečky.  |p Temnota padá /  |c Erin Hunterová ; přeložila Miroslava Kopicová 
246 3 0 |a Temnota padá 
250 |a 2. vydání 
264 1 |a V Praze :  |b Albatros,  |c 2023 
300 |a 235 stran ;  |c 21 cm 
336 |a text  |b txt  |2 rdacontent 
337 |a bez média  |b n  |2 rdamedia 
338 |a svazek  |b nc  |2 rdacarrier 
500 |a Přeloženo z angličtiny 
520 2 |a Další pokračování zvířecí fantasy ságy o statečné psí smečce, která přežila zemětřesení.  |b Divocí a vodítkoví psi přežili útok nepřítele a jejich jedinou šancí je se sjednotit. Vůdce divokých psů Alfa souhlasil, aby se k jeho smečce připojila Bella a vodítkoví psi, ale Štístka ze společenství vyhnal. Samotář Štístko by měl být rád, že znovu získal svobodu, ale zrádný nový svět je pro osamoceného psa příliš nebezpečný... Nakladatelská anotace. 
521 8 |a Pro čtenáře od 9 let 
655 7 |a anglické romány  |7 fd131814  |2 czenas 
655 7 |a dobrodružné romány  |7 fd132061  |2 czenas 
655 7 |a publikace pro děti  |7 fd133156  |2 czenas 
655 9 |a English fiction  |2 eczenas 
655 9 |a adventure novels  |2 eczenas 
655 9 |a children's literature  |2 eczenas 
700 1 |a Kopicová, Miroslava  |7 pna2007389145  |4 trl 
765 0 |t Survivors 
787 0 8 |i Z cyklu:  |t Zákon smečky  |g 3 
900 |a ABA001  |b 20 
928 9 |a Albatros Media - Albatros 
044 |a xr 
910 |a RBIT002 
998 |d 390169  |a https://core.palmknihy.cz/api/books/390169/cover?si7njg  |b https://core.palmknihy.cz/api/books/390169/cover/400?si7njg  |c https://core.palmknihy.cz/api/books/390169/cover/50?si7njg  |e 2029-08-21  |g 240  |i 9788000072265  |j https://core.palmknihy.cz/api/books/390169/preview.epub  |k https://core.palmknihy.cz/api/books/390169/preview.pdf  |l   |q 49  |r 1  |s https://www.palmknihy.cz/kniha/390169  |t ebook  |y 2023  |z 0  |v Zákon smečky  |w 3 
999 |d 312158